REMOTE sensing and mapping for forest management : report of project course B held at Forestry Faculty, Kasetsart University, Bangkok, 27 February - 25 March 1989

Bibliographic Details
Corporate Author: Food and Agriculture Organization of the United Nations (FAO)
Format: Book
Published: Bangkok : United Nations Development Programme , 1989
Subjects:

MARC

LEADER 00000cam a2200000 7i4500
001 0000002128
005 20021118.0
090 0 0 |a FAO621.3678   |b REM 1989 
245 0 0 |a REMOTE sensing and mapping for forest management :   |b report of project course B held at Forestry Faculty, Kasetsart University, Bangkok, 27 February - 25 March 1989 
260 0 0 |a Bangkok :   |b United Nations Development Programme ,   |c 1989 
300 |a 324 p. :   |b ill. ;   |c 29 cm. 
500 0 0 |a Bibliography : p. 318-321 
650 0 0 |a Digital mapping 
650 0 0 |a Forest management 
650 0 0 |a Forests and forestry   |x Remote sensing 
650 0 0 |a Remote sensing 
710 1 1 |a Food and Agriculture Organization of the United Nations (FAO) 
998 |a JPSM 
999 |a 0000003143   |b Monograph   |c Open Shelf   |e Default branch